banner-ar

تحفة الزمان فى تاريخ بلوشستان / (Record no. 65420)

MARC details
000 -الفاتح
حقل البيانات ثابتة الطول 00956nam a22002417a 4500
005 - وقت وتاريخ اخر تعامل مع التسجيلة
رقم الضبط 20240530110823.0
008 - عناصر البيانات ثابتة الطول - معلومات عامة
حقل البيانات ثابتة الطول 190711s2019 ua a g 000 0 ara d
017 ## - رقم الايداع القانونى
المصدر ( الهيئة المختصة) مصر. دار الكتب
رقم الايداع القانونى 2018/15178
020 ## - الرقم الدولى المعيارى للكتب
الرقم الدولى المعيارى للكتاب 9789778123470
040 ## - مصدر الفهرسة
وكالة الفهرسة الأصلية EG-CaGPL
وكالة النسخ EG-CaGPL
082 04 - رقم تصنيف ديوى العشرى
رقم الطبعة 21
رقم التصنيف 953.079 /
رقم المادة م ت
100 0# - المدخل الرئيسى - إسم شخصى
الإسم الشخصى محمد حسن الباشا
245 10 - بيان العنوان
العنوان تحفة الزمان فى تاريخ بلوشستان /
بيان المسئوليه,etc تأليف محمد حسن الباشا ؛ تقديم محمود احمد قمر
250 ## - بيان الطبعة
بيان الطبعة ط.1
260 ## - PUBLICATION, DISTRIBUTION, ETC. (IMPRINT)
تاريخ النشر أو التوزيع 2019 .
300 ## - الوصف المادى
التعداد 366 ص. :
تفاصيل ماديه اخرى للوعاء ايض. ؛
أبعاد الوعاء 24 سم.
504 ## - تبصرة ببليوجرافية
تبصرة ببليوجرافية,الخ ببليوجرافية : ص 325 - 366
651 07 - المدخل الاضافى بالموضوع - اسم جغرافى
الاسم الجغرافي بلوشستان
التقسيم الفرعي العام تاريخ
651 07 - المدخل الاضافى بالموضوع - اسم جغرافى
الاسم الجغرافي بلوشستان
التقسيم الفرعي العام الاحوال الاجتماعية
700 0# - المدخل الاضافى - اسم شخصى
الإسم الشخصى محمود احمد قمر
الدور مقدم
942 ## - عناصر المدخل الإضافي( كوها)
مصدر التصنيف او مخطط الترفيف Dewey Decimal Classification
Koha [default] item type كتاب
260 ## - PUBLICATION, DISTRIBUTION, ETC. (IMPRINT)
-- القاهرة :
-- المكتب العربى للمعارف،
Holdings
حالة التراجع حالة الفقد حالة تلف ليس للاعارة المكان المؤقت الموقع الحالى موقع الترفيف تاريخ الاكتساب اجمالي اﻻعارات رقم الطلب الباركود تاريخ اخر مشاهدة تاريخ تفعيل السعر نوع وعاء كوها
        مكتبة القاهرة الكبرى مكتبة القاهرة الكبرى القاعة الرئيسية 07/27/2019   953.079 / م ت 166253 07/27/2019 07/27/2019 كتاب

Powered By

EGPV